LEADER 00914nam a2200217 i 4500 001 000000129436 003 CaOOAMICUS 005 20250902153336.0 008 090520s1972 xxk u000 u mul u 040 $aSeMil$bita 245 10$a4: 263D - 351B /$cwith an english translation by Frank Cole Babbitt. 300 $aXII, 552 p. 490 1 $aThe Loeb Classical Library ;$v305 700 1 $aBabbitt, Frank Cole.$0(OLS)http://semarc/name/53698 773 0 $aPlutarchus <46-120>$tPlutarch's moralia.$dCambridge, Massachusetts : Harvard University Press ; London : Heinemann, 1968-1986.$g4$w()20386 830 4$aThe Loeb Classical Library ;$v305.$0(OLS)http://semarc/title/26868 850 $aSeMil 852 $aSeMil$W1$xVenegono$y1$m1Y III 12/4$j261261$B83552$CSeMilBibl$Z2$F86773 $81 961 $aOmaggio: Villa don Cesare 996 $6245$a4: 263D - 351B$9(OLS)http://semarc/title/191111 LEADER 01066nam a2200265 i 4500 001 000000225900 003 CaOOAMICUS 005 20131220000000.0 008 131220s2013 fr u000 u fre u 013 $a204802 020 $a978-2-204-09972-1 040 $aSeMil$bita 245 10$a3. 260 $aParis :$bLes Éditions du Cerf,$c2013. 300 $a947 p. ;$c22 cm. 490 0 $aCogitatio Fidei [Cerf]v291 650 4$aTeologia sistematica.$0(OLS)http://semarc/subject/598 773 0 $aPannenberg, Wolfhart <1928-2014>$tThéologie systématique.$dParis : Les Éditions du Cerf, 2008-2011.$kCogitatio Fidei $g3$w()20604 830 0$aCogitatio Fidei ;$v291.$0(OLS)http://semarc/title/206 850 $aSeMil 852 $aSeMil$W1$xVenegono$y1$m2BA N 291$j176246$B176246$CSeMilBibl$Z2$F186807 $81 961 $aSottoscrizione: SODIS 996 $6020$a978-2-204-09972-1$9(OLS)http://semarc/number/226937 996 $6245$a3$9(OLS)http://semarc/title/47129 996 $6260$aParis :$bLes Éditions du Cerf$9(OLS)http://semarc/publisher/29611